000 01085nam0a22002531 4500
001 rc\930187
005 20250622045149.0
035 _a(NLR Aleph) 006103472
090 _a5283489
_c5283489
100 _a20041129d1982 |||y0rusy50 ca
101 0 _arus
102 _aRU
105 _ay |||||||||
200 1 _aСовершенствование методов обучения и воспитания учащихся
_e(Из опыта работы)
_eТез. докл. VI Всесоюз. пед. чтений
_e(Секция дефектологии), 25-27 марта 1982 г.
_f[Под ред. Т.А. Власовой и др.]
210 _aМ.
_cБ. и.
_d1982
215 _a204 с.
_d21
300 _aВ надзаг.: НИИ дефектологии
702 1 _4340
_7ca
_8rus
_aВласова
_bТ. А.
_cд-р психол. наук, дефектолог
_f1905-1986
_gТатьяна Александровна
_9234235
_3RU\NLR\AUTH\770234291
801 0 _aRU
_bNLR
_gpsbo
801 1 _aRU
_bELAR
_2rusmarc
852 _aNLR
_j82-5/3664
942 _cBOOK
980 _aNB